1078 1202 1668 1224 1475 1503 1575 1558 1322 1520 1319 1922 1630 1308 1393 1363 1774 1590 1824 1127 1296 1081 1136 1315 1254 1642 1396 1768 1563 1691 1895 1427 1621 1109 1832 1744 1867 1998 1464 1461 1148 1292 1667 1570 1135 1185 1316 1699 1630 1381 1045 1588 1950 1916 1900 1133 1480 1592 1485 1376 1424 1651 1174 1677 1159 1265 1183 1117 1439 1547 1410 1386 1105 1036 1140 1211 1975 1304 1212 1953 1039 1576 1070 1355 1727 1849 1583 1026 1212 1278 1476 1917 1351 1599 1201 1935 1769 1463 1204 BCNSPRNW ULIB Ver.6.0+V

เปลี่ยนเป็นภาษาไทย

Change to English
 แสดงรายละเอียดบรรณานุกรม
  กลับหน้าหลัก

Brief Record : Get Marc (ISO 2709) : E-mail record : QR code < ปิดหน้าต่าง
LEADER : 00000nam 2200000uu 4500
001    13399111595
003     ULIB
008    110703s||||||||th 000 0 tha d
020    9789741692514
050 04 BQ5805.T5^bก951พ 2551
100 0  โกวิท ตั้งตรงจิตร
245 10 พุทธศาสนสุภาษิต นำชีวิตให้รุ่งเรือง /^cโกวิท ตั้งตรงจิตร
250    พิมพ์ครั้งที่ 1
260    กรุงเทพฯ :^bพิมพ์คำ,^c2551
300    499 หน้า :^bภาพประกอบ
650  7 พุทธภาษิต
650  7 สุภาษิตและคำพังเพย
945    ^p500^l0^i028953
995    ทศพร
999 ^a ใช้งานได้ทุกระบบ
รายการนี้ยังไม่มีแท็ก
คุณยังไม่ได้ล็อกอิน คุณสามารถมีกิจกรรมร่วมกับเว็บไซต์ได้ แต่ต้องล็อกอินก่อน ::
  ล็อกอิน

รายการสื่อสารสนเทศ

ลำดับที่ ประเภท เลขเรียก/บาร์โค้ด สถานที่ สถานะ
- ไม่พบข้อมูล -

รายการใกล้เคียง
    หัวเรื่อง [พุทธภาษิต]
    หัวเรื่อง [สุภาษิตและคำพังเพย]

BibComment


ยังไม่เคยถูกคอมเมนท์

คอมเมนท์ทรัพยากรรายการนี้
  คอมเมนท์: พุทธศาสนสุภาษิต น..


 Copyright 2026. Bcnsprnw @Library